<?xml version="1.0" encoding="UTF-8"?>
<record
    xmlns:xsi="http://www.w3.org/2001/XMLSchema-instance"
    xsi:schemaLocation="http://www.loc.gov/MARC21/slim http://www.loc.gov/standards/marcxml/schema/MARC21slim.xsd"
    xmlns="http://www.loc.gov/MARC21/slim">

  <leader>00567nas a2200181 a 4500</leader>
  <controlfield tag="001">000031635</controlfield>
  <controlfield tag="003">DLC</controlfield>
  <controlfield tag="005">20200930063051.0</controlfield>
  <controlfield tag="008">110628c19469999dr  r1p       0    0eng d</controlfield>
  <datafield tag="040" ind1=" " ind2=" ">
    <subfield code="a">DO-SdBNP</subfield>
    <subfield code="b">spa</subfield>
  </datafield>
  <datafield tag="043" ind1=" " ind2=" ">
    <subfield code="a">nwdr</subfield>
  </datafield>
  <datafield tag="130" ind1="0" ind2=" ">
    <subfield code="a">La uni&#xF3;n mas&#xF3;nica</subfield>
    <subfield code="9">57941</subfield>
  </datafield>
  <datafield tag="245" ind1="0" ind2="0">
    <subfield code="a">La uni&#xF3;n mas&#xF3;nica :</subfield>
    <subfield code="b">&#xF3;rgano de la respetable logia Nuevo Mundo.</subfield>
  </datafield>
  <datafield tag="260" ind1=" " ind2=" ">
    <subfield code="a">Santiago de los caballeros, :</subfield>
    <subfield code="b">Logia nuevo mundo,</subfield>
    <subfield code="c">1946</subfield>
    <subfield code="f">Muchas gracias</subfield>
  </datafield>
  <datafield tag="310" ind1=" " ind2=" ">
    <subfield code="a">Mensual</subfield>
  </datafield>
  <datafield tag="362" ind1="0" ind2=" ">
    <subfield code="a">4ta. &#xE9;poca, no. 29(28 de julio de 1946)</subfield>
  </datafield>
  <datafield tag="500" ind1=" " ind2=" ">
    <subfield code="a">Director: Nicanor A. Jim&#xE9;nez</subfield>
  </datafield>
  <datafield tag="952" ind1=" " ind2=" ">
    <subfield code="0">0</subfield>
    <subfield code="1">0</subfield>
    <subfield code="3">No se presta</subfield>
    <subfield code="7">1</subfield>
    <subfield code="8">SE</subfield>
    <subfield code="a">PD</subfield>
    <subfield code="b">PD</subfield>
    <subfield code="c">RE</subfield>
    <subfield code="d">2011-06-28</subfield>
    <subfield code="e">31604-1-48</subfield>
    <subfield code="h">4ta. &#xE9;poca. no.29 (1946: jul.28)</subfield>
    <subfield code="i">194607281946080520110628</subfield>
    <subfield code="l">0</subfield>
    <subfield code="o">29</subfield>
    <subfield code="p">31635-29-1</subfield>
    <subfield code="r">2020-08-08</subfield>
    <subfield code="w">2020-08-08</subfield>
    <subfield code="y">ISSUE</subfield>
    <subfield code="z">Perteneci&#xF3; a la bbilioteca personal de Carlos Larrazabal Blanco</subfield>
  </datafield>
  <datafield tag="999" ind1=" " ind2=" ">
    <subfield code="c">31127</subfield>
    <subfield code="d">31127</subfield>
  </datafield>
</record>
